<?xml version="1.0" encoding="UTF-8"?>
<record
    xmlns:xsi="http://www.w3.org/2001/XMLSchema-instance"
    xsi:schemaLocation="http://www.loc.gov/MARC21/slim http://www.loc.gov/standards/marcxml/schema/MARC21slim.xsd"
    xmlns="http://www.loc.gov/MARC21/slim">

  <leader>02551nam a22002057a 4500</leader>
  <controlfield tag="003">OSt</controlfield>
  <controlfield tag="005">20260406085604.0</controlfield>
  <controlfield tag="008">260406b        |||||||| |||| 00| 0 esp d</controlfield>
  <datafield tag="082" ind1=" " ind2=" ">
    <subfield code="2"> 9586771180</subfield>
  </datafield>
  <datafield tag="100" ind1=" " ind2=" ">
    <subfield code="a">Zamora Editores.</subfield>
  </datafield>
  <datafield tag="245" ind1=" " ind2=" ">
    <subfield code="a">"Biblioteca Pr&#xE1;ctica de Consulta del Nuevo Milenio: Volumen 4</subfield>
  </datafield>
  <datafield tag="250" ind1=" " ind2=" ">
    <subfield code="a">4ta edici&#xF3;n</subfield>
  </datafield>
  <datafield tag="260" ind1=" " ind2=" ">
    <subfield code="a">Bogot&#xE1;, Colombia.</subfield>
    <subfield code="b"> Zamora Editores Ltda</subfield>
    <subfield code="c">2000 - 2001</subfield>
  </datafield>
  <datafield tag="300" ind1=" " ind2=" ">
    <subfield code="a">268 p&#xE1;ginas</subfield>
    <subfield code="b"> 350 a 450 gramos</subfield>
    <subfield code="c">21 x 14 cm</subfield>
    <subfield code="e">Muchas de las versiones del "Nuevo Milenio" ven&#xED;an acompa&#xF1;adas de un disco multimedia con ejercicios de autoevaluaci&#xF3;n, gr&#xE1;ficos animados y buscadores digitales de t&#xE9;rminos para complementar los temas de Qu&#xED;mica y Lengua Espa&#xF1;ola. Gu&#xED;as de Autoevaluaci&#xF3;n: Algunos ejemplares incluyen secciones de cuestionarios al final de cada cap&#xED;tulo para reforzar el aprendizaje autodidacta. Ilustraciones a color</subfield>
  </datafield>
  <datafield tag="490" ind1=" " ind2=" ">
    <subfield code="3">plastificado brillante</subfield>
  </datafield>
  <datafield tag="520" ind1=" " ind2=" ">
    <subfield code="a">Este Volumen 4 de la Biblioteca Pr&#xE1;ctica de Consulta del Nuevo Milenio es un texto h&#xED;brido dise&#xF1;ado como herramienta de apoyo escolar para estudiantes de secundaria y bachillerato. Su contenido se divide en dos grandes ejes tem&#xE1;ticos independientes:
1. Qu&#xED;mica (General y Org&#xE1;nica)
El libro presenta la qu&#xED;mica desde sus conceptos m&#xE1;s b&#xE1;sicos hasta estructuras complejas.
Fundamentos: Explica la estructura del &#xE1;tomo, la tabla peri&#xF3;dica y los enlaces qu&#xED;micos.
Reacciones: Detalla c&#xF3;mo interact&#xFA;an los elementos, la estequiometr&#xED;a y el equilibrio qu&#xED;mico.
Qu&#xED;mica del Carbono: Introduce la qu&#xED;mica org&#xE1;nica, cubriendo hidrocarburos, grupos funcionales y la importancia de las mol&#xE9;culas en la vida cotidiana.
Enfoque: Utiliza un lenguaje directo con abundantes modelos moleculares y diagramas para facilitar la comprensi&#xF3;n de f&#xF3;rmulas.
2. Lengua Espa&#xF1;ola
Esta secci&#xF3;n funciona como una gu&#xED;a integral para el dominio del idioma, dividida en:
Gram&#xE1;tica y Ortograf&#xED;a: Reglas de acentuaci&#xF3;n, puntuaci&#xF3;n y el uso correcto de las categor&#xED;as gramaticales (sustantivos, verbos, etc.).
Comunicaci&#xF3;n Humana: Analiza el proceso de comunicaci&#xF3;n, los elementos del mensaje y las barreras que lo dificultan.
Comunicaci&#xF3;n Oral: T&#xE9;cnicas para mejorar la expresi&#xF3;n en p&#xFA;blico, debates y la oratoria.
Enfoque: Incluye ejercicios pr&#xE1;cticos y ejemplos de aplicaci&#xF3;n para corregir errores comunes en la escritura y el habla.</subfield>
  </datafield>
  <datafield tag="650" ind1=" " ind2=" ">
    <subfield code="a">Qu&#xED;mica.</subfield>
    <subfield code="x"> Problemas, ejercicios, etc. / Qu&#xED;mica org&#xE1;nica.</subfield>
    <subfield code="y">Aspectos sociales / Comunicaci&#xF3;n oral.</subfield>
  </datafield>
  <datafield tag="700" ind1=" " ind2=" ">
    <subfield code="a">Zamora Editores.</subfield>
  </datafield>
  <datafield tag="942" ind1=" " ind2=" ">
    <subfield code="2">ddc</subfield>
    <subfield code="c">BKA</subfield>
    <subfield code="n">0</subfield>
  </datafield>
  <datafield tag="952" ind1=" " ind2=" ">
    <subfield code="0">0</subfield>
    <subfield code="1">0</subfield>
    <subfield code="2">ddc</subfield>
    <subfield code="4">0</subfield>
    <subfield code="7">0</subfield>
    <subfield code="8">F02</subfield>
    <subfield code="a">ISUS</subfield>
    <subfield code="b">ISUS</subfield>
    <subfield code="c">Biblioteca Abierta</subfield>
    <subfield code="d">2026-04-06</subfield>
    <subfield code="e">LECTURA</subfield>
    <subfield code="f">0464</subfield>
    <subfield code="i">0464</subfield>
    <subfield code="l">0</subfield>
    <subfield code="o">0464</subfield>
    <subfield code="p">BIBLIO0464</subfield>
    <subfield code="r">2026-04-06 08:55:05</subfield>
    <subfield code="t">1</subfield>
    <subfield code="w">2026-04-06</subfield>
    <subfield code="y">BKA</subfield>
  </datafield>
  <datafield tag="999" ind1=" " ind2=" ">
    <subfield code="c">2040</subfield>
    <subfield code="d">2040</subfield>
  </datafield>
</record>
